Представление документа в формате RUSMARC

ПолеНазваниеЗначение
  Тип записи c
  Библиографический уровень m
001 Контрольный номер RU/УОНБ/EK_N/466862481
005 Дата корректировки 20251119113229.1
010 Индекс ISBN __
9 Тираж 25000 экз.
013 Номер (ISMN) __
d Цена 70 к.
071 Издательские номер (звукозапись и ноты) 21
a Номер, присвоенный агентством 5667
100 Данные общей обработки __
a Данные общей обработки 20141017d1981 u y0rusy0189 ca
101 Язык документа 0_
a Язык текста rus
f Язык титульного листа rus
102 Страна публикации __
a Страна публикации RU
125 Кодированные данные звукозаписи и нотных изданий __
a Форма изложения нотного текста с
128 Кодированные данные (звукозаписи-физические характеристики) __
a Кодированные данные: Музыкальная форма и тональность или лад zz
c Инструменты или голоса, рекомендуемые для солистов (устаревшее) kt
200 Заглавие и сведения об ответственности 1_
a Заглавие Вып. 40
e Сведения, относящиеся к заглавию пьесы для 3-4 классов
f Первые сведения об ответственности составитель Ф. Бушуев
203 Вид содержания и тип средства __
a Вид содержания Музыка
b Характеристика содержания знаковая
c Тип средства непосредственная
210 Выходные данные 1_
d Дата издания 1981
215 Физическое описание __
a Объем 43 c.
327 Примечание о содержании 11
a Примечание о содержании Содерж.: Мясковский Н. Двухголосная фуга. Хренников Т. Песня Наташи из оперы "Братья". Амиров Ф. Воспоминание. Чекалов П. На каникулах. Судариков А. Веселый гармонист. Павин С. Танец с мячом. Басок М. Прелюдия. Ребиков В. Колыбельная. Римский-Корсаков Н. Третья песня Леля из оперы "Снегурочка". Барток Б. Шутка. Корелли А. Сарабанда. Ваньгал Я. Анданте из Сонатины № 5. Ой вы, горы мои : рус. нар. песня / обраб. А. Коробейникова. Сеяли девушки яровой хмель : рус. нар. песня / обраб. Ф. Бушуева. Ой на горi та женцi жнуть : укр. нар. песня / обраб. И. Шестерикова. Мимо горки шел я : латыш. нар. песня / обраб. Л. Гаврилова. Дождик : татар. нар. песня / свободная обраб. А. Фаттаха. Раз, два, три... : чеш. нар. песня / обраб. В. Бухвостова. О чем поет птичка на ветке : венг. нар. песня / обраб. В. Жигалова. Речка : пол. нар. песня / обраб. Ф. Бушуева
461 Уровень набора _0
1 2001
a Баян в музыкальной школе
v Вып. 40
1 2101
a Москва
c Советский композитор
d 1969 -
1 001RU/УОНБ/EK_N/458142235
464 Аналитический уровень _0
1 700 1
a Мясковский
b Н.
1 2001
a Двухголосная фуга
464 Аналитический уровень _0
1 700 1
a Хренников
b Т.
1 2001
a Песня Наташи из оперы "Братья"
1 50010
a Братья
464 Аналитический уровень _0
1 700 1
a Амиров
b Ф.
1 2001
a Воспоминание
464 Аналитический уровень _0
1 700 1
a Чекалов
b П.
1 2001
a На каникулах
464 Аналитический уровень _0
1 700 1
a Судариков
b А.
1 2001
a Веселый гармонист
464 Аналитический уровень _0
1 700 1
a Павин
b С.
1 2001
a Танец с мячом
464 Аналитический уровень _0
1 700 1
a Басок
b М.
1 2001
a Прелюдия
464 Аналитический уровень _0
1 700 1
a Ребиков
b В.
1 2001
a Колыбельная
464 Аналитический уровень _0
1 700 1
a Римский-Корсаков
b Н.
1 2001
a Третья песня Леля из оперы "Снегурочка"
1 50010
a Снегурочка
464 Аналитический уровень _0
1 700 1
a Барток
b Б.
1 2001
a Шутка
464 Аналитический уровень _0
1 700 1
a Корелли
b А.
1 2001
a Сарабанда
464 Аналитический уровень _0
1 700 1
a Ваньгал
b Я.
1 2001
a Анданте из Сонатины № 5
464 Аналитический уровень _0
1 702 1
a Коробейников
b А.
4 030
1 2001
a Ой вы, горы мои
e рус. нар. песня
464 Аналитический уровень _0
1 702 1
a Бушуев
b Ф.
4 030
1 2001
a Сеяли девушки яровой хмель
e рус. нар. песня
464 Аналитический уровень _0
1 702 1
a Шестериков
b И.
4 030
1 2001
a Ой на горi та женцi жнуть
e укр. нар. песня
464 Аналитический уровень _0
1 702 1
a Гаврилов
b Л.
4 030
1 2001
a Мимо горки шел я
e латыш. нар. песня
464 Аналитический уровень _0
1 702 1
a Фаттах
b А.
4 030
1 2001
a Дождик
e татар. нар. песня
464 Аналитический уровень _0
1 702 1
a Бухвостов
b В.
4 030
1 2001
a Раз, два, три...
e чеш. нар. песня
464 Аналитический уровень _0
1 702 1
a Жигалов
b В.
4 030
1 2001
a О чем поет птичка на ветке
e венг. нар. песня
464 Аналитический уровень _0
1 702 1
a Бушуев
b Ф.
4 030
1 2001
a Речка
e пол. нар. песня
606 Тематические рубрики 0_
a Основная рубрика Баян
x Основная подрубрика Педагогический репертуар ДМШ
610 Ключевые слова 0_
a Ключевые слова баян
610 Ключевые слова 0_
a Ключевые слова педагогический репертуар ДМШ
686 Индексы других классификаций __
a Классификационный индекс 85.954.698я43
2 Код системы rubbk
702 Вторичная интеллектуальная ответственность _1
a Фамилия Бушуев
b Имя (инициалы) Ф.
4 Код отношения 220
801 Источник записи _0
a Страна RU
b Организация Ульяновская ОНБ
c Дата составления 20141017
g Правила каталогизации RCR
801 Источник записи _1
a Страна RU
b Организация Ульяновская ОНБ
c Дата составления 20141017
g Правила каталогизации RCR
901 Тип документа __
t Тип документа n
w Контрольный № источника RU/УОНБ/EK_N/458142235
909 Создатель записи __
a Создатель записи Никитина Т. А.
910 Корректоры записи __
a Корректор записи Грязнова И. Е.
b Дата внесения изменения в запись 20251119